| 000 | 00558nam a22001697a 4500 | ||
|---|---|---|---|
| 008 | 160927b xxu||||| |||| 00| 0 eng d | ||
| 020 | _a0070321779 | ||
| 050 | _aQA 34 .S56 1989 | ||
| 100 | _aShearer, Edwin M. | ||
| 245 |
_aShearer's Manual of Human Dissection/ _cEdwin M. Shearer and John J. Jacobs |
||
| 260 |
_aNew York: _bMcGraw Hill, _c1989 |
||
| 300 |
_axxviii, 288p. : _bill. : |
||
| 500 | _aIncludes index. | ||
| 650 |
_aHuman dissection _xHandbooks, manuals |
||
| 700 | _aJacobs, John J. | ||
| 942 |
_2lcc _cBOOKS _hQA 34 .S56 1989 |
||
| 999 |
_c14109 _d14109 |
||